000 01856nam a2200349 i 4500
003 EG-GICUC
005 20260121101441.0
008 251208s2007 ua ||||fr|||| 00| 0 ara d
017 _a٢٤٤٩/ ٢٠٠٦۲
040 _a EG-GICUC
_bara
_c EG-GICUC
_d EG-GICUC
_erda
041 0 _aara
082 0 4 _221
_a345.4391
_bم ح . ع
092 0 4 _221
099 _aLaw1 07 345.4391 م ح . ع 1 ed - 2007
100 0 _aمحمد ماهر أبو العينين
_eمؤلف.
245 1 2 _aالعاملون المدنيون بالدولة والكادرات الخاصة :
_bفي قضاء وإفتاء مجلس الدولة (۲۰۰۷ .۱۹۹۸) مع الإشارة إلى أهم الأحكام والفتاوى الأقدم.
_nالكتاب الرابع،
_pانتهاء الخدمة للعاملين المدنيين وقانون التأمين الاجتماعي في قضاء وافتاء مجلس الدولة /
_cالمستشار الدكتور / محمد ماهر أبو العينين.
250 _aالطبعة الأولى
264 1 _aالقاهرة :
_bدار النهضة العربية،
_c2007.
300 _a498 ؛صفحة
_c24 سم.
_bإيضاحيات، صور، مثيليات ؛
336 _2rda content
_atext
337 _2rda media
_aComputer
338 _2rda carrier
_aOnline Resource
504 _aيشتمل على إرجاعات ببليوجرافية.
505 _aملحق خاص مشروع قانون الوظيفة العامة الجديد والحقوق الذاتية للعاملين بالجهاز الإداري.
546 _aالنص باللغة العربية
650 1 4 _aتصحيح أوضاع العاملين
_2qrmak
650 1 4 _aالقانون الإداري
_2qrmak
651 1 _2qrmak
856 4 0 _uhttps://fll.law.cu.edu.eg/fulltext/bks/B07-01371.pdf
905 _a32
_eYara
942 _2ddc
_cBK
_e21
_n0
999 _c49097
_d49097